| 000 | 00553nam a2200205 4500 | ||
|---|---|---|---|
| 003 | LK-CoMWRAF | ||
| 005 | 20240103115124.0 | ||
| 008 | 230903b1994 |||||||| |||| 00| 0 eng d | ||
| 040 |
_aLK-CoMWRAF _dLK-CoMWRAF _eLK-CoMWRAF |
||
| 041 | _aeng | ||
| 082 |
_a823 _bAIN |
||
| 100 | _aAinsworth, Alison | ||
| 110 | _aKipling, Rudyard | ||
| 245 | _aTales from the jungle book | ||
| 260 |
_bLadybird books LTD, _c1994 |
||
| 650 | _aChildren's stories - English | ||
| 650 | _aEnglish fiction - Short stories | ||
| 700 |
_aLee, Steve _eills. |
||
| 942 | _cBK | ||
| 999 |
_c3385 _d3385 |
||